000 00333 a2200145 4500
001 163407
020 _a
040 _cMagnum
100 _aCanedo, Leticia Bicalho
240 1 0 _aA classe operaria vai ao sindicato
_lpor
245 1 0 _aA classe operaria vai ao sindicato
362 0 _a1899
697 _aPARADIDATICO
942 _cBK
999 _c163407
_d163407